[Event "Bucharest Grand Prix op"]
[Site "Bucharest"]
[Date "2024.03.23"]
[Round "2"]
[White "Bologan, Viktor"]
[Black "Caraba, Alexandru"]
[Result "1-0"]
[WhiteElo "2594"]
[BlackElo "1944"]
[PlyCount "89"]
[EventDate "2024.03.23"]
[EventType "swiss (rapid)"]
[EventRounds "10"]
[EventCountry "ROU"]
[SourceTitle "CB13_2024"]
[SourceDate "2024.03.27"]
[SourceVersion "1"]
[SourceVersionDate "2024.03.27"]
[SourceQuality "1"]

1. e4 c5 2. Nf3 d6 3. d4 cxd4 4. Nxd4 Nf6 5. Bd3 g6 6. c4 Bg7 7. Nc3 Nbd7 8. 0-0 0-0 9. Be3 Nc5 10. f3 Ne6 11. Nde2 Nc7 12. Qd2 b6 13. Rfd1 Bb7 14. Rac1 Qd7 15. b4 Rad8 16. Bc2 Qc8 17. Bb3 Qa8 18. Nd4 a6 19. Nde2 Nd7 20. a3 Rfe8 21. Qa2 Rf8 22. Rd2 b5 23. a4 bxc4 24. Bxc4 Ne5 25. Bb3 Rc8 26. h3 Nc6 27. Qa3 a5 28. b5 Nb4 29. Na2 d5 30. Nxb4 axb4 31. Qxb4 dxe4 32. f4 Nd5 33. Bxd5 Bxd5 34. Rdc2 Rfd8 35. a5 Bf8 36. Rxc8 Rxc8 37. Rxc8 Qxc8 38. Bc5 Bc4 39. Nc3 Bd3 40. a6 Qc7 41. a7 Qxf4 42. a8Q Qc1+ 43. Kh2 Qf4+ 44. Kh1 Qf1+ 45. Bg1 1-0

[Event "Sebes GP op"]
[Site "Sebes"]
[Date "2023.11.05"]
[Round "8"]
[White "Bulau, Andrei Cristian"]
[Black "Caraba, Alexandru"]
[Result "1-0"]
[WhiteElo "2172"]
[BlackElo "1920"]
[PlyCount "109"]
[EventDate "2023.11.04"]
[EventType "swiss"]
[EventRounds "10"]
[EventCountry "ROU"]
[SourceTitle "CB46_2023"]
[SourceDate "2023.11.15"]
[SourceVersion "1"]
[SourceVersionDate "2023.11.15"]
[SourceQuality "1"]

1. d4 Nf6 2. c4 g6 3. Nc3 d5 4. Nf3 Bg7 5. h4 0-0 6. Bf4 c6 7. Ne5 h5 8. e3 Nbd7 9. Qb3 Nb6 10. c5 Nbd7 11. Bd3 Nxe5 12. Bxe5 Ng4 13. Bxg7 Kxg7 14. Be2 Qc7 15. Qd1 e5 16. dxe5 Qxe5 17. Bxg4 Bxg4 18. Qd4 f6 19. 0-0 Qxd4 20. exd4 Rfe8 21. f3 Bf5 22. Kf2 Bd3 23. Rfe1 Kf7 24. Rxe8 Rxe8 25. Rd1 Bc4 26. b3 Ba6 27. a4 g5 28. hxg5 fxg5 29. b4 Bc4 30. b5 Kf6 31. Rb1 a6 32. bxc6 bxc6 33. Rb6 Re6 34. Rb2 g4 35. Nd1 Kg5 36. fxg4 hxg4 37. Ne3 Bd3 38. Rb3 Bg6 39. Rb6 g3+ 40. Ke2 Kf4 41. Rb3 Re4 42. Rd3 Re7 43. Rb3 Re4 44. Rd3 Re7 45. Rb3 Bc2 46. Ra3 Bxa4 47. Rxa4 Rxe3+ 48. Kd2 Rb3 49. Rxa6 Rb2+ 50. Kd3 Rxg2 51. Rxc6 Rh2 52. Rf6+ Kg5 53. Rf8 Kh6 54. c6 Rh1 55. Rh8+ 1-0

[Event "Brasov GP RO"]
[Site "Brasov"]
[Date "2023.07.17"]
[Round "2"]
[White "Cosma, Ioan"]
[Black "Caraba, Alexandru"]
[Result "1-0"]
[WhiteElo "2339"]
[BlackElo "1896"]
[PlyCount "38"]
[EventDate "2023.07.16"]
[EventType "swiss"]
[EventRounds "9"]
[EventCountry "ROU"]
[SourceTitle "CBM 215 Extra"]
[Source "ChessBase"]
[SourceDate "2023.09.30"]
[SourceVersion "1"]
[SourceVersionDate "2023.09.30"]
[SourceQuality "1"]

1. d4 Nf6 2. Nf3 g6 3. g3 Bg7 4. Bg2 0-0 5. 0-0 c5 6. c4 cxd4 7. Nxd4 Nc6 8. Nc3 a6 9. c5 Nxd4 10. Qxd4 d6 11. cxd6 Ne8 12. Qb4 Qxd6 13. Qb3 Nc7 14. Bf4 e5 15. Be3 Rb8 16. Rfd1 Qe7 17. Qb6 Ne6 18. Nd5 Qe8 19. Qd6 Qd8 1-0

[Event "ROM-ch blitz"]
[Site "Bucharest"]
[Date "2022.03.13"]
[Round "1"]
[White "Lupulescu, Constantin"]
[Black "Caraba, Alexandru"]
[Result "1-0"]
[WhiteElo "2557"]
[BlackElo "1637"]
[PlyCount "53"]
[EventDate "2022.03.13"]
[EventType "swiss (blitz)"]
[EventRounds "9"]
[EventCountry "ROU"]
[SourceTitle "EXT 2023"]
[Source "ChessBase"]
[SourceDate "2022.10.05"]
[SourceVersion "1"]
[SourceVersionDate "2022.10.05"]
[SourceQuality "1"]

1. d4 Nf6 2. c4 d6 3. Nc3 g6 4. e4 Nbd7 5. Be2 Bg7 6. Be3 0-0 7. h4 h5 8. Nh3 e5 9. d5 Nh7 10. Ng5 Nxg5 11. hxg5 f6 12. g4 hxg4 13. gxf6 Nxf6 14. Qd2 Nh5 15. 0-0-0 Nf4 16. Rdg1 Nxe2+ 17. Qxe2 Qf6 18. Rh2 Qf3 19. Qd2 Bd7 20. Kb1 Rf7 21. Rg3 Qf6 22. Bg5 Qf4 23. Bxf4 exf4 24. Rg1 Re8 25. Rhg2 Bxc3 26. Qxc3 Rxe4 27. Rxg4 1-0

[Event "ROM-ch U18"]
[Site "Mamaia"]
[Date "2021.04.11"]
[Round "6"]
[White "Caraba, Alexandru"]
[Black "Isfan, Ioan Marius"]
[Result "0-1"]
[WhiteElo "1938"]
[BlackElo "2263"]
[PlyCount "46"]
[EventDate "2021.04.07"]
[EventType "swiss"]
[EventRounds "9"]
[EventCountry "ROU"]
[SourceTitle "EXT 2022"]
[Source "ChessBase"]
[SourceDate "2021.10.06"]
[SourceVersion "1"]
[SourceVersionDate "2021.10.06"]
[SourceQuality "1"]

1. e4 d5 2. exd5 Qxd5 3. Nc3 Qd6 4. d3 Nf6 5. Nf3 Bg4 6. g3 Nc6 7. Bg2 e5 8. 0-0 0-0-0 9. Be3 Kb8 10. a3 Nd4 11. h3 Nxf3+ 12. Bxf3 Bxh3 13. Re1 Qd7 14. Qd2 h5 15. Ne4 h4 16. Qa5 b6 17. Qxe5 Ng4 18. Qc3 hxg3 19. Nxg3 Nxe3 20. Rxe3 Bc5 21. Re2 Bg4 22. Bxg4 Qxg4 23. Kf1 Qf3 0-1

[Event "ROM-ch U18"]
[Site "Mamaia"]
[Date "2021.04.09"]
[Round "4"]
[White "Cazan, Andrei"]
[Black "Caraba, Alexandru"]
[Result "0-1"]
[WhiteElo "1607"]
[BlackElo "1938"]
[PlyCount "76"]
[EventDate "2021.04.07"]
[EventType "swiss"]
[EventRounds "9"]
[EventCountry "ROU"]
[SourceTitle "EXT 2022"]
[Source "ChessBase"]
[SourceDate "2021.10.06"]
[SourceVersion "1"]
[SourceVersionDate "2021.10.06"]
[SourceQuality "1"]

1. g3 Nf6 2. Bg2 e5 3. d3 d5 4. Nf3 Nc6 5. 0-0 Bg4 6. h3 Bh5 7. Nbd2 Qd7 8. c3 Be7 9. Qc2 Bg6 10. Nh4 0-0 11. Nxg6 fxg6 12. b4 a5 13. b5 Nd8 14. a4 Ne6 15. Ba3 g5 16. Bxe7 Qxe7 17. e3 Qd6 18. c4 c6 19. Rac1 g4 20. Nb3 gxh3 21. Bxh3 Ng5 22. Bg2 Ng4 23. Qe2 Nf6 24. e4 dxe4 25. dxe4 Rfd8 26. Rfd1 Qb4 27. Qc2 Rxd1+ 28. Rxd1 Qxa4 29. Qd3 Qb4 30. f4 Nf7 31. Rb1 Rd8 32. Qc2 a4 33. Na1 Qc5+ 34. Kh1 Qe3 35. bxc6 bxc6 36. Qxa4 Qxg3 37. Qxc6 Ng4 38. Kg1 Ne3 0-1

[Event "ROM-ch U18"]
[Site "Mamaia"]
[Date "2021.04.07"]
[Round "1"]
[White "Caraba, Alexandru"]
[Black "Ghimpu, Samuel Timotei"]
[Result "0-1"]
[WhiteElo "1938"]
[BlackElo "2315"]
[PlyCount "82"]
[EventDate "2021.04.07"]
[EventType "swiss"]
[EventRounds "9"]
[EventCountry "ROU"]
[SourceTitle "EXT 2022"]
[Source "ChessBase"]
[SourceDate "2021.10.06"]
[SourceVersion "1"]
[SourceVersionDate "2021.10.06"]
[SourceQuality "1"]

1. e4 c5 2. Nf3 a6 3. d3 Nc6 4. g3 g6 5. Bg2 Bg7 6. 0-0 Nf6 7. Re1 e5 8. Nc3 0-0 9. Nd5 h6 10. Be3 d6 11. Qc1 Kh7 12. Nxf6+ Qxf6 13. h4 Qe7 14. Nh2 Be6 15. f4 exf4 16. Bxf4 Ne5 17. Qd2 b5 18. a4 b4 19. c3 Rab8 20. Nf3 bxc3 21. bxc3 Rb3 22. Nxe5 Bxe5 23. d4 Bxf4 24. Qxf4 Rxc3 25. d5 Bc8 26. e5 g5 27. Be4+ Kg7 28. exd6 Qf6 29. hxg5 hxg5 30. Qxf6+ Kxf6 31. Rab1 Rxg3+ 32. Kf2 Rg4 33. Rb6 Rf4+ 34. Kg3 Kg7 35. Bc2 Rf6 36. Re5 g4 37. Rc6 Bd7 38. Rxa6 Rb8 39. Re7 Rf3+ 40. Kh4 Kf6 41. Rxd7 Rg8 0-1

[Event "ROM-ch U10"]
[Site "Calimanesti"]
[Date "2013.04.07"]
[Round "8"]
[White "Caraba, Alexandru"]
[Black "Mintau, Andrei Catalin"]
[Result "0-1"]
[WhiteElo "1577"]
[BlackElo "1425"]
[PlyCount "124"]
[EventDate "2013.04.02"]
[EventType "swiss"]
[EventRounds "9"]
[EventCountry "ROU"]
[SourceTitle "CBM 153 Extra"]
[Source "ChessBase"]
[SourceDate "2013.04.22"]
[SourceVersion "1"]
[SourceVersionDate "2013.04.22"]
[SourceQuality "1"]

1. e4 e5 2. Nf3 Nc6 3. Bc4 Bc5 4. c3 Qe7 5. 0-0 h6 6. d4 exd4 7. cxd4 Bb6 8. Bf4 Nf6 9. e5 Nh7 10. d5 Nd8 11. d6 Qf8 12. Nc3 c6 13. a4 Ne6 14. Bxe6 fxe6 15. Be3 Qf7 16. a5 Bd8 17. Nd4 0-0 18. f4 Qg6 19. Nf3 Qf5 20. Qe1 Qg6 21. Nh4 Qg4 22. Nf3 Qg6 23. h3 Qh5 24. Ne4 Qg6 25. Nc3 Qf7 26. Qg3 Qh5 27. Nh2 Bh4 28. Qg4 Qxg4 29. Nxg4 a6 30. Na4 Bd8 31. Bb6 Bxb6+ 32. Nxb6 Rb8 33. h4 Rf5 34. g3 Rf7 35. Ne3 g6 36. Ng4 Kg7 37. Kh2 Rf8 38. Rf2 h5 39. Ne3 Rf7 40. Kg2 Rf8 41. Rh1 Rf7 42. g4 hxg4 43. Nxg4 Rf5 44. Rh3 Kf8 45. Kg3 Kg7 46. Nh2 Kh6 47. Nf3 Kg7 48. Ng5 Nf8 49. h5 gxh5 50. Rxh5 Kg8 51. Kg4 Kg7 52. Rg2 Kg6 53. Rh1 Kg7 54. Rf1 Ng6 55. Kh5 Nxe5 56. Kh4 Ng6+ 57. Kg3 e5 58. Kg4 Rf6 59. Rgf2 exf4 60. Rxf4 Nxf4 61. Rxf4 Rxd6 62. Rf7+ Kg8 0-1

[Event "ROM-ch U10"]
[Site "Calimanesti"]
[Date "2013.04.04"]
[Round "4"]
[White "Ungureanu, Alexandru Daniel"]
[Black "Caraba, Alexandru"]
[Result "1/2-1/2"]
[WhiteElo "1490"]
[BlackElo "1577"]
[PlyCount "49"]
[EventDate "2013.04.02"]
[EventType "swiss"]
[EventRounds "9"]
[EventCountry "ROU"]
[SourceTitle "CBM 153 Extra"]
[Source "ChessBase"]
[SourceDate "2013.04.22"]
[SourceVersion "1"]
[SourceVersionDate "2013.04.22"]
[SourceQuality "1"]

1. d4 Nf6 2. Nf3 e6 3. Bf4 Nc6 4. e3 Bb4+ 5. c3 Bd6 6. Ne5 Nd5 7. Bg3 Nxe5 8. dxe5 Bc5 9. Bd3 d6 10. exd6 Bxd6 11. Bxd6 cxd6 12. Nd2 0-0 13. 0-0 Bd7 14. Be4 Bc6 15. Qc2 Nf6 16. Bxc6 bxc6 17. Rfd1 Qc7 18. Nb3 Rfb8 19. Nd4 c5 20. Nf3 h6 21. Rd2 d5 22. h3 Qb7 23. b3 Ne4 24. Re2 Qa6 25. c4 1/2-1/2

[Event "ROM-ch U10"]
[Site "Calimanesti"]
[Date "2013.04.03"]
[Round "3"]
[White "Caraba, Alexandru"]
[Black "Bulau, Andrei Cristian"]
[Result "0-1"]
[WhiteElo "1577"]
[BlackElo "1509"]
[PlyCount "72"]
[EventDate "2013.04.02"]
[EventType "swiss"]
[EventRounds "9"]
[EventCountry "ROU"]
[SourceTitle "CBM 153 Extra"]
[Source "ChessBase"]
[SourceDate "2013.04.22"]
[SourceVersion "1"]
[SourceVersionDate "2013.04.22"]
[SourceQuality "1"]

1. e4 d5 2. exd5 Nf6 3. d4 Bg4 4. f3 Bf5 5. Nc3 Nxd5 6. Nxd5 Qxd5 7. c3 e6 8. Bf4 Bd6 9. Bxd6 Qxd6 10. Bd3 Bxd3 11. Qxd3 Nc6 12. Ne2 a6 13. Ng3 h6 14. Ne4 Qd5 15. 0-0 0-0 16. Qe2 e5 17. Rfd1 exd4 18. cxd4 Rfe8 19. Qf2 Ne7 20. Qg3 Ng6 21. Nc3 Qd7 22. Rac1 c6 23. Na4 Qf5 24. Nc5 Nf4 25. Qf2 Ne2+ 26. Kh1 Nxc1 27. Rxc1 Qf4 28. Rf1 Qe3 29. Kg1 Qxf2+ 30. Kxf2 b6 31. Nb3 Re7 32. g4 Rae8 33. Kg2 Re2+ 34. Rf2 Rxf2+ 35. Kxf2 Kf8 36. h4 Re6 0-1